| 000 | 00393nam a22001337a 4500 | ||
|---|---|---|---|
| 082 |
_a691 _bMIS _cN-02,P-100 |
||
| 100 |
_aMisra, Dr Anil Kumar _951801 |
||
| 245 | _aBuilding materials and construction | ||
| 260 |
_aNew Delhi, _bS Chand publishers, _c2017. |
||
| 300 |
_axvi,366p. _bill. _c24cm. |
||
| 526 |
_a0 _b0 _c0 _d691_000000000000000_MIS |
||
| 650 | _aBuilding Materials, | ||
| 942 |
_2ddc _cBK |
||
| 999 |
_c554351 _d554351 |
||